[Event "Lindores Abbey Tal Blitz 2021"]
[Site "Riga"]
[Date "2021.11.08"]
[Round "7.58"]
[White "Socko, Monika"]
[Black "Bivol, Alina"]
[Result "1-0"]
[WhiteElo "2393"]
[BlackElo "2377"]
[Annotator "NA"]
[PlyCount "99"]
[EventDate "2021.11.02"]
[EventType "swiss"]
[EventCountry "LAT"]
[SourceTitle "playchess.com"]
[Source "ChessBase"]
[SourceQuality "1"]

1. d4 d5 2. c4 e6 3. Nf3 Nf6 4. Nc3 Be7 5. cxd5 exd5 6. Bg5 c6 7. Qc2 g6 8. e3
Bf5 9. Bd3 Bxd3 10. Qxd3 Nbd7 11. O-O O-O 12. Rab1 Ne4 13. Bh6 Re8 14. Nxe4
dxe4 15. Qxe4 Nf6 16. Qc2 Qd5 17. b3 Bd6 18. Bg5 Ne4 19. Bh4 h5 20. Bg3 Bf8 21.
Nd2 g5 22. Nxe4 Rxe4 23. h3 f6 24. Qc4 Qf7 25. Qxf7+ Kxf7 26. Rfd1 Rd8 27. Rd3
f5 28. f3 Ree8 29. Bf2 Rd5 30. Rbd1 Bg7 31. Kf1 g4 32. hxg4 hxg4 33. Ke2 Kg6
34. Kf1 Bh6 35. Re1 Rd7 36. e4 fxe4 37. Rxe4 Rxe4 38. fxe4 Bg7 39. d5 cxd5 40.
exd5 a6 41. d6 Be5 42. Bc5 Kf5 43. Ke2 Ke4 44. Rd1 Kf5 45. a4 Ke6 46. Ke3 b5
47. axb5 axb5 48. Ke4 Kf6 49. Rh1 Kg5 50. Kxe5 1-0

[Event "Lindores Abbey Tal Blitz 2021"]
[Site "Riga"]
[Date "2021.11.08"]
[Round "7.59"]
[White "Eizaguerri Floris, Maria"]
[Black "Vantika Agrawal"]
[Result "1-0"]
[WhiteElo "2328"]
[BlackElo "2329"]
[Annotator "NA"]
[PlyCount "127"]
[EventDate "2021.11.02"]
[EventType "swiss"]
[EventCountry "LAT"]
[SourceTitle "playchess.com"]
[Source "ChessBase"]
[SourceQuality "1"]

1. e4 c5 2. Nf3 d6 3. Bb5+ Nd7 4. Ba4 Ngf6 5. O-O e6 6. Re1 a6 7. c4 Be7 8. d4
cxd4 9. Nxd4 O-O 10. Nc3 Qc7 11. Qe2 Ne5 12. Bb3 Re8 13. h3 Bd7 14. f4 Nc6 15.
Be3 Nxd4 16. Bxd4 e5 17. Be3 exf4 18. Bxf4 Qc5+ 19. Qf2 Qxf2+ 20. Kxf2 b5 21.
cxb5 axb5 22. Rad1 b4 23. Nd5 Nxd5 24. Bxd5 Rac8 25. Rc1 Be6 26. Red1 Bxd5 27.
exd5 Bh4+ 28. g3 Bf6 29. Rxc8 Rxc8 30. Bxd6 Rc2+ 31. Kf3 Rxb2 32. Bc7 Rxa2 33.
d6 Ra3+ 34. Ke4 h5 35. d7 b3 36. d8=Q+ Bxd8 37. Rxd8+ Kh7 38. Rb8 h4 39. gxh4
b2 40. Rxb2 Rxh3 41. Rh2 Ra3 42. Be5 f6 43. Bf4 Ra4+ 44. Kf3 Ra3+ 45. Be3 Rb3
46. Rg2 Ra3 47. Ke4 Ra4+ 48. Bd4 Rb4 49. Rg4 Ra4 50. Kf5 Ra5+ 51. Ke6 Ra4 52.
Kf7 g5 53. Kxf6 gxh4 54. Kf7 Kh6 55. Be3+ Kh5 56. Rxa4 h3 57. Bf4 Kg4 58. Bc7+
Kf3 59. Ra3+ Kg2 60. Ra2+ Kf3 61. Rh2 Kg4 62. Kf6 Kh4 63. Kf5 Kh5 64. Rxh3# 1-0

[Event "Lindores Abbey Tal Blitz 2021"]
[Site "Riga"]
[Date "2021.11.08"]
[Round "7.60"]
[White "Martynov, Aleksandr"]
[Black "Atalik, Ekaterina"]
[Result "0-1"]
[WhiteElo "1648"]
[BlackElo "2430"]
[Annotator "NA"]
[PlyCount "52"]
[EventDate "2021.11.02"]
[EventType "swiss"]
[EventCountry "LAT"]
[SourceTitle "playchess.com"]
[Source "ChessBase"]
[SourceQuality "1"]

1. d4 d5 2. Nf3 c6 3. c4 e6 4. Nc3 dxc4 5. a4 Bb4 6. e3 b5 7. Ne5 Nf6 8. Bd2 a5
9. axb5 Bxc3 10. Bxc3 cxb5 11. Qf3 Ra7 12. b3 Nd5 13. Bxa5 Qe7 14. e4 O-O 15.
exd5 Rxa5 16. Rc1 exd5 17. Be2 f6 18. Ng4 Bxg4 19. Qxg4 Ra2 20. bxc4 bxc4 21.
Rd1 Re8 22. O-O Rxe2 23. Rb1 Nc6 24. Qf3 Re4 25. Rbd1 Nxd4 26. Qa3 Qxa3 0-1

[Event "Lindores Abbey Tal Blitz 2021"]
[Site "Riga"]
[Date "2021.11.08"]
[Round "8.1"]
[White "Erigaisi Arjun"]
[Black "Mamedov, Rauf"]
[Result "1-0"]
[WhiteElo "2627"]
[BlackElo "2673"]
[Annotator "ChessBase"]
[PlyCount "63"]
[EventDate "2021.11.02"]
[EventType "swiss"]
[EventCountry "LAT"]
[SourceTitle "playchess.com"]
[Source "ChessBase"]
[SourceQuality "1"]

1. d4 Nf6 2. c4 g6 3. Nc3 Bg7 4. e4 d6 5. h3 O-O 6. Be3 Nc6 7. d5 Ne5 8. f4
Ned7 9. g4 e6 10. dxe6 fxe6 11. Qc2 b5 12. cxb5 Bb7 13. Nf3 Qe7 14. Bg2 a6 15.
bxa6 Bxa6 16. Nd4 Nc5 17. O-O-O Nfd7 18. e5 dxe5 19. Nc6 Qh4 20. Nxe5 Bxe5 21.
Bxa8 Bxf4 22. Bxf4 Rxf4 23. Ne4 Nxe4 24. Bxe4 Nf6 25. Rd8+ Ne8 26. Rxe8+ Kg7
27. Qxc7+ Rf7 28. Qc3+ Kh6 29. Rxe6 Rf4 30. Rxa6 Qg5 31. Qd2 Qc5+ 32. Bc2 1-0

[Event "Lindores Abbey Tal Blitz 2021"]
[Site "Riga"]
[Date "2021.11.08"]
[Round "8.2"]
[White "Caruana, Fabiano"]
[Black "Dubov, Daniil"]
[Result "1-0"]
[WhiteElo "2791"]
[BlackElo "2714"]
[Annotator "TA"]
[PlyCount "94"]
[EventDate "2021.11.02"]
[EventType "swiss"]
[EventCountry "LAT"]
[SourceTitle "playchess.com"]
[Source "ChessBase"]
[SourceQuality "1"]

1. e4 c5 2. Nf3 d6 3. d4 cxd4 4. Nxd4 Nf6 5. Nc3 Nc6 6. f3 e5 7. Nb3 Be7 8. Be3
a5 9. a3 O-O 10. Bb5 Be6 11. O-O d5 12. exd5 Nxd5 13. Nxd5 Qxd5 14. Qxd5 Bxd5
15. c4 Be6 16. Rfd1 Rfc8 17. Nc5 Bxc5 18. Bxc5 Na7 19. Bxa7 Rxa7 20. Rd6 Kf8
21. Rc1 Ke7 22. c5 Rc7 23. Kf2 Ra8 24. Ke3 Rac8 25. b4 Ra8 26. Bd3 axb4 27.
axb4 Ra3 28. Kd2 Rc6 29. Rxc6 bxc6 30. Be4 Ra4 31. Rb1 Kd7 32. g4 h6 33. h4 Kc7
34. h5 Ra2+ 35. Kc3 Ra3+ 36. Kc2 Ra2+ 37. Rb2 Ra1 38. b5 cxb5 39. Rxb5 Bc8 40.
Rb6 Ra5 41. Rc6+ Kd8 42. Kc3 Bd7 43. Kb4 Bxc6 44. Kxa5 Kc7 45. Kb4 g6 46. Bxc6
Kxc6 47. g5 Kd5 1-0

[Event "Lindores Abbey Tal Blitz 2021"]
[Site "Riga"]
[Date "2021.11.08"]
[Round "8.3"]
[White "Gelfand, Boris"]
[Black "Martirosyan, Haik M."]
[Result "0-1"]
[WhiteElo "2674"]
[BlackElo "2624"]
[Annotator "ChessBase"]
[PlyCount "75"]
[EventDate "2021.11.02"]
[EventType "swiss"]
[EventCountry "LAT"]
[SourceTitle "playchess.com"]
[Source "ChessBase"]
[SourceQuality "1"]

1. Nf3 Nf6 2. c4 e6 3. Nc3 d5 4. d4 Be7 5. g3 Nbd7 6. Bg2 O-O 7. Ne5 c6 8. O-O
Nxe5 9. dxe5 Nd7 10. cxd5 cxd5 11. e4 d4 12. Qxd4 Bc5 13. Qc4 a6 14. Rd1 Qe7
15. Bf4 g5 16. Bd2 Nxe5 17. Qe2 Qf6 18. Na4 Ba7 19. Be3 Bd7 20. Bxa7 Bxa4 21.
Bd4 Bxd1 22. Rxd1 Rad8 23. Bc3 Rc8 24. Qe3 Qg7 25. h3 f6 26. f4 gxf4 27. gxf4
Ng6 28. Kh2 e5 29. fxe5 Nxe5 30. Bf3 Kh8 31. Bh5 Rg8 32. Qf2 Qh6 33. Rf1 Rc6
34. Be2 Qg5 35. Bd1 Rg6 36. Bb3 Ng4+ 37. hxg4 Qxg4 38. Bd2 0-1

[Event "Lindores Abbey Tal Blitz 2021"]
[Site "Riga"]
[Date "2021.11.08"]
[Round "8.4"]
[White "Paravyan, David"]
[Black "Deac, Bogdan-Daniel"]
[Result "1-0"]
[WhiteElo "2642"]
[BlackElo "2651"]
[Annotator "ChessBase"]
[PlyCount "93"]
[EventDate "2021.11.02"]
[EventType "swiss"]
[EventCountry "LAT"]
[SourceTitle "playchess.com"]
[Source "ChessBase"]
[SourceQuality "1"]

1. e4 e5 2. Nf3 Nc6 3. Nc3 Nf6 4. d4 exd4 5. Nxd4 Bb4 6. Nxc6 bxc6 7. Bd3 d5 8.
exd5 O-O 9. O-O Bg4 10. f3 Bh5 11. dxc6 Qd4+ 12. Kh1 Bxc3 13. bxc3 Qxc3 14. Bf4
Qxc6 15. Qe2 a6 16. Qe5 Ra7 17. Be3 Raa8 18. Qc5 Qxc5 19. Bxc5 Rfe8 20. Bc4 Bg6
21. Rf2 Nd7 22. Bd4 c5 23. Bb2 Nb6 24. Be2 Na4 25. Ba3 Bxc2 26. Bc4 Bf5 27. Rd2
Be6 28. Bb3 Bxb3 29. axb3 Nc3 30. Bxc5 Nb5 31. Rda2 Re6 32. h3 h6 33. Kh2 Rc8
34. b4 Rcc6 35. Rd2 Nd6 36. Rad1 Nc4 37. Rd8+ Kh7 38. R1d7 Rf6 39. Rf8 a5 40.
Bd4 Rcd6 41. Rfd8 Rfe6 42. Rxd6 Nxd6 43. bxa5 Nb5 44. Bb6 Re2 45. a6 Ra2 46.
Rd5 Nc3 47. Ra5 1-0

[Event "Lindores Abbey Tal Blitz 2021"]
[Site "Riga"]
[Date "2021.11.08"]
[Round "8.5"]
[White "Xiong, Jeffery"]
[Black "Niemann, Hans Moke"]
[Result "1/2-1/2"]
[WhiteElo "2687"]
[BlackElo "2635"]
[Annotator "ChessBase"]
[PlyCount "155"]
[EventDate "2021.11.02"]
[EventType "swiss"]
[EventCountry "LAT"]
[SourceTitle "playchess.com"]
[Source "ChessBase"]
[SourceQuality "1"]

1. d4 Nf6 2. Nf3 g6 3. Nbd2 Bg7 4. e4 d6 5. c3 O-O 6. Be2 Nc6 7. O-O e5 8. dxe5
dxe5 9. Qc2 Nh5 10. Re1 Nf4 11. Bf1 Qf6 12. b4 Rd8 13. b5 Na5 14. Nb3 Nxb3 15.
axb3 b6 16. Bxf4 Qxf4 17. Bc4 Bb7 18. Qe2 Kf8 19. Ra4 Bf6 20. g3 Qh6 21. Rea1
Qh5 22. Rxa7 Rab8 23. Bd5 Bxd5 24. exd5 Rd7 25. d6 Rc8 26. dxc7 Rdxc7 27. Rxc7
Rxc7 28. c4 Qf5 29. Ra6 e4 30. Nd2 Bd4 31. Nf1 Rd7 32. Ra2 Bc5 33. Rd2 Rd3 34.
g4 Qd7 35. Kg2 f5 36. Rxd3 exd3 37. Qe5 Kf7 38. gxf5 gxf5 39. Kf3 d2 40. Nxd2
Qd3+ 41. Kg2 Qxd2 42. Qxf5+ Kg7 43. Qe5+ Kg6 44. Qe6+ Kg5 45. Qe5+ Kg6 46. Qe6+
Kg7 47. Qe5+ Kf7 48. Qf5+ Ke8 49. Qe6+ Be7 50. Qxb6 Qg5+ 51. Kf1 Qf5 52. Qc6+
Kf8 53. Qd5 Qxd5 54. cxd5 Bc5 55. Ke2 Ke7 56. b4 Bb6 57. f4 Kd6 58. Kf3 Kxd5
59. Kg4 Ke6 60. h4 Kf6 61. h5 h6 62. Kg3 Kf5 63. Kf3 Bd4 64. Kg3 Bb6 65. Kf3
Bc7 66. b6 Bxb6 67. b5 Bc5 68. b6 Bxb6 69. Kg3 Bc7 70. Kf3 Bd6 71. Kg3 Ke4 72.
Kg2 Ke3 73. Kg3 Be7 74. Kg2 Ke4 75. f5 Bf6 76. Kg3 Ke3 77. Kg2 Kf4 78. Kh2
1/2-1/2

[Event "Lindores Abbey Tal Blitz 2021"]
[Site "Riga"]
[Date "2021.11.08"]
[Round "8.6"]
[White "Anton Guijarro, David"]
[Black "Svidler, Peter"]
[Result "1/2-1/2"]
[WhiteElo "2669"]
[BlackElo "2694"]
[Annotator "ChessBase"]
[PlyCount "52"]
[EventDate "2021.11.02"]
[EventType "swiss"]
[EventCountry "LAT"]
[SourceTitle "playchess.com"]
[Source "ChessBase"]
[SourceQuality "1"]

1. Nf3 c5 2. c4 Nc6 3. Nc3 Nf6 4. e3 e6 5. d4 d5 6. cxd5 exd5 7. Bb5 cxd4 8.
exd4 Be7 9. O-O O-O 10. Ne5 Bd7 11. Re1 Re8 12. Bf4 a6 13. Bxc6 Bxc6 14. Re3
Bf8 15. Qf3 Re6 16. Bg5 h6 17. Bh4 Qb6 18. Nxc6 Rxc6 19. Qe2 Qxd4 20. Bxf6 Qxf6
21. Nxd5 Qf5 22. Re5 Qc2 23. Re1 Qxe2 24. R5xe2 Rd8 25. Ne7+ Bxe7 26. Rxe7 Rb6
1/2-1/2

[Event "Lindores Abbey Tal Blitz 2021"]
[Site "Riga"]
[Date "2021.11.08"]
[Round "8.7"]
[White "Pichot, Alan"]
[Black "Dreev, Aleksey"]
[Result "1/2-1/2"]
[WhiteElo "2630"]
[BlackElo "2635"]
[Annotator "ChessBase"]
[PlyCount "110"]
[EventDate "2021.11.02"]
[EventType "swiss"]
[EventCountry "LAT"]
[SourceTitle "playchess.com"]
[Source "ChessBase"]
[SourceQuality "1"]

1. e4 c6 2. d4 d5 3. e5 Bf5 4. h4 h5 5. Bd3 Bxd3 6. Qxd3 Qa5+ 7. b4 Qa6 8. Qf3
e6 9. c3 Nd7 10. Ne2 g6 11. a4 Bh6 12. Bxh6 Nxh6 13. Nd2 Qb6 14. Nb3 Qd8 15. g3
Nf5 16. Nf4 Qe7 17. a5 Rb8 18. Kf1 Kf8 19. Kg2 Kg7 20. Nd3 Ra8 21. Qf4 b6 22.
Ra2 Rhc8 23. Rha1 Qd8 24. Qg5 Qxg5 25. hxg5 b5 26. Nbc5 Nxc5 27. bxc5 Kf8 28.
Rh1 Ke7 29. Kf3 Rh8 30. Kf4 Kd7 31. f3 Ne7 32. Rah2 Rh7 33. g4 Rah8 34. Kg3 Kc7
35. a6 Kd7 36. Nf4 h4+ 37. Rxh4 Rxh4 38. Rxh4 Rxh4 39. Kxh4 Nc8 40. Kg3 Ne7 41.
Ng2 Ke8 42. f4 Kf8 43. Kf3 Kg8 44. Ke2 Kf8 45. Ne3 Kg8 46. Kd3 Kf8 47. Ke2 Kg8
48. Kf3 Kg7 49. f5 gxf5 50. gxf5 Nxf5 51. Nxf5+ exf5 52. Kg3 Kh7 53. Kf3 Kg7
54. Kg3 Kh7 55. Kf3 Kg7 1/2-1/2

[Event "Lindores Abbey Tal Blitz 2021"]
[Site "Riga"]
[Date "2021.11.08"]
[Round "8.8"]
[White "Predke, Alexandr"]
[Black "Korobov, Anton"]
[Result "0-1"]
[WhiteElo "2668"]
[BlackElo "2684"]
[Annotator "ChessBase"]
[PlyCount "68"]
[EventDate "2021.11.02"]
[EventType "swiss"]
[EventCountry "LAT"]
[SourceTitle "playchess.com"]
[Source "ChessBase"]
[SourceQuality "1"]

1. d4 Nf6 2. c4 g6 3. Nc3 Bg7 4. Nf3 d6 5. Bg5 h6 6. Bh4 g5 7. Bg3 Nh5 8. e3 e6
9. Be2 Qe7 10. Qc2 Nd7 11. Nd2 Nxg3 12. hxg3 c5 13. d5 Nb6 14. a4 a5 15. Bf3
O-O 16. g4 f5 17. dxe6 Bxe6 18. gxf5 Bxf5 19. Qb3 Ra6 20. Nd5 Nxd5 21. Bxd5+
Kh8 22. O-O g4 23. g3 h5 24. Kg2 h4 25. gxh4 Raa8 26. h5 Be5 27. Rh1 Qg5 28.
Be4 Bxe4+ 29. Nxe4 Qf5 30. Qd3 Qf3+ 31. Kg1 g3 32. fxg3 Rg8 33. Rh3 Bxg3 34.
Rf1 Be5+ 0-1

[Event "Lindores Abbey Tal Blitz 2021"]
[Site "Riga"]
[Date "2021.11.08"]
[Round "8.9"]
[White "Aronian, Levon"]
[Black "Kovalenko, Igor"]
[Result "1/2-1/2"]
[WhiteElo "2782"]
[BlackElo "2668"]
[Annotator "TA"]
[PlyCount "136"]
[EventDate "2021.11.02"]
[EventType "swiss"]
[EventCountry "LAT"]
[SourceTitle "playchess.com"]
[Source "ChessBase"]
[SourceQuality "1"]

1. d4 Nf6 2. Bf4 b6 3. e3 Bb7 4. Nf3 g6 5. c4 Bg7 6. Nc3 Ne4 7. Nxe4 Bxe4 8.
Bd3 Bxd3 9. Qxd3 d6 10. O-O Nd7 11. Rad1 c5 12. b3 O-O 13. d5 b5 14. cxb5 Qa5
15. a4 a6 16. bxa6 Rfb8 17. Nd2 Qxa6 18. Qc2 Rb4 19. e4 Rab8 20. Rfe1 Bd4 21.
g3 f6 22. Kg2 Ne5 23. Bxe5 fxe5 24. Rb1 Rf8 25. f3 h5 26. Nc4 Kg7 27. Rbd1 h4
28. Rd3 Qc8 29. Qd1 h3+ 30. Kh1 Qd7 31. Rf1 e6 32. Ne3 Bxe3 33. dxe6 Qxe6 34.
Rxe3 Rd4 35. Qc2 g5 36. Kg1 Qc8 37. Rd3 Qa6 38. Rxd4 cxd4 39. Qc7+ Rf7 40. Qd8
Kg6 41. Qg8+ Kf6 42. Qh8+ Kg6 43. Qxh3 Qe2 44. Qe6+ Rf6 45. Qg8+ Kh6 46. h4
gxh4 47. Qh8+ Kg6 48. Qg8+ Kh6 49. g4 Qe3+ 50. Kg2 d3 51. Qh8+ Kg6 52. Qg8+ Kh6
53. Rf2 d5 54. exd5 e4 55. Qh8+ Kg6 56. Qg8+ Kh6 57. f4 Rxf4 58. Qh8+ Kg6 59.
Qh5+ Kf6 60. Qh6+ Ke5 61. Qg5+ Kd4 62. Rxf4 Qg3+ 63. Kh1 Qh3+ 64. Kg1 Qg3+ 65.
Kf1 Qh3+ 66. Ke1 Qe3+ 67. Kf1 Qh3+ 68. Kg1 Qg3+ 1/2-1/2

[Event "Lindores Abbey Tal Blitz 2021"]
[Site "Riga"]
[Date "2021.11.08"]
[Round "8.11"]
[White "Swiercz, Dariusz"]
[Black "Onyshchuk, Volodymyr"]
[Result "0-1"]
[WhiteElo "2647"]
[BlackElo "2622"]
[Annotator "ChessBase"]
[PlyCount "60"]
[EventDate "2021.11.02"]
[EventType "swiss"]
[EventCountry "LAT"]
[SourceTitle "playchess.com"]
[Source "ChessBase"]
[SourceQuality "1"]

1. e4 d6 2. d4 Nf6 3. Nc3 g6 4. Bg5 Bg7 5. Qd2 h6 6. Bh4 O-O 7. O-O-O c6 8. f4
b5 9. Bd3 b4 10. Nce2 Qa5 11. Kb1 Nbd7 12. Nf3 Rb8 13. Nc1 Qb6 14. g4 c5 15. g5
hxg5 16. Nxg5 cxd4 17. Rhg1 a5 18. Qg2 a4 19. Rde1 b3 20. cxb3 axb3 21. Nxb3
Nc5 22. Nxc5 dxc5 23. Rc1 Ng4 24. b3 Ne3 25. Qe2 c4 26. Rxc4 Nxc4 27. Bxc4 d3
28. Qg2 Qd4 29. e5 Bf5 30. Qd2 Qxc4 0-1

[Event "Lindores Abbey Tal Blitz 2021"]
[Site "Riga"]
[Date "2021.11.08"]
[Round "8.12"]
[White "Maghsoodloo, Parham"]
[Black "Sevian, Samuel"]
[Result "0-1"]
[WhiteElo "2706"]
[BlackElo "2668"]
[Annotator "TA"]
[PlyCount "92"]
[EventDate "2021.11.02"]
[EventType "swiss"]
[EventCountry "LAT"]
[SourceTitle "playchess.com"]
[Source "ChessBase"]
[SourceQuality "1"]

1. d4 g6 2. e4 c6 3. Nc3 d5 4. f3 Bg7 5. Be3 Qb6 6. Na4 Qa5+ 7. c3 dxe4 8. fxe4
Nf6 9. e5 Nd5 10. Bd2 Qd8 11. Nf3 O-O 12. Nc5 b6 13. Nd3 Ba6 14. Nf4 Bxf1 15.
Rxf1 c5 16. Qe2 e6 17. Nxd5 Qxd5 18. c4 Qb7 19. Bc3 cxd4 20. Nxd4 a6 21. Qf3
Ra7 22. O-O-O Qc8 23. Kb1 Qxc4 24. Nc2 Rd7 25. Ne3 Qc6 26. Qxc6 Rxd1+ 27. Rxd1
Nxc6 28. Rd6 Nxe5 29. Rxb6 Ra8 30. Rb7 h5 31. h3 Nd3 32. Bxg7 Kxg7 33. Nc4 Nf4
34. Nd6 Rf8 35. a4 Nxg2 36. b4 g5 37. b5 axb5 38. axb5 g4 39. hxg4 h4 40. Rc7
h3 41. Rc3 h2 42. Rh3 Rh8 43. Ne8+ Rxe8 44. Rxh2 Ne3 45. b6 Rb8 46. Rb2 Nc4 0-1

[Event "Lindores Abbey Tal Blitz 2021"]
[Site "Riga"]
[Date "2021.11.08"]
[Round "8.13"]
[White "Nihal Sarin"]
[Black "Van Foreest, Jorden"]
[Result "1/2-1/2"]
[WhiteElo "2650"]
[BlackElo "2701"]
[Annotator "TA"]
[PlyCount "159"]
[EventDate "2021.11.02"]
[EventType "swiss"]
[EventCountry "LAT"]
[SourceTitle "playchess.com"]
[Source "ChessBase"]
[SourceQuality "1"]

1. Nf3 d5 2. e3 c6 3. c4 Nf6 4. Nc3 g6 5. d4 Bg7 6. Be2 O-O 7. O-O e6 8. b3 b6
9. Bb2 Bb7 10. Rc1 Nbd7 11. b4 a5 12. a3 axb4 13. axb4 c5 14. bxc5 bxc5 15.
dxc5 Nxc5 16. Nb5 dxc4 17. Rxc4 Qxd1 18. Rxd1 Na4 19. Ba3 Rfc8 20. Rxc8+ Rxc8
21. Nd6 Rc3 22. Nb5 Rc8 23. Nd6 Rc3 24. Bb4 Rb3 25. Be1 Bd5 26. Ng5 Nc3 27.
Bxc3 Rxc3 28. Ngxf7 Bf8 29. Nb5 Rc5 30. Ne5 Bxg2 31. Kxg2 Rxe5 32. Nc3 Kg7 33.
Bf3 Rc5 34. Ne2 e5 35. Ng3 h5 36. Rb1 Rc7 37. Rb6 Bc5 38. Re6 h4 39. Ne4 Nxe4
40. Bxe4 Be7 41. Rxg6+ Kf7 42. Rh6 Bd8 43. Bd5+ Kg7 44. Re6 Bf6 45. Be4 Re7 46.
Ra6 Rc7 47. h3 Rd7 48. Kf3 Rd2 49. Ra7+ Kf8 50. Bg6 Be7 51. Ra5 Bf6 52. Be4 Kg7
53. Ra6 Be7 54. Ra1 Bf6 55. Rf1 Be7 56. Kg4 Rd6 57. Kf5 Kf7 58. Kxe5 Re6+ 59.
Kf5 Rf6+ 60. Kg4 Rb6 61. Bd5+ Kf6 62. Rc1 Ke5 63. Ba2 Rb2 64. Bc4 Rxf2 65. Rd1
Rg2+ 66. Kh5 Rg5+ 67. Kh6 Rg3 68. Rd7 Bf8+ 69. Kh5 Rxh3 70. Kg4 Rxe3 71. Rd5+
Kf6 72. Rf5+ Ke7 73. Rf7+ Ke8 74. Rf3 Re4+ 75. Rf4 Rxf4+ 76. Kxf4 h3 77. Kg3 h2
78. Kxh2 Bd6+ 79. Kg2 Bg3 80. Kxg3 1/2-1/2

[Event "Lindores Abbey Tal Blitz 2021"]
[Site "Riga"]
[Date "2021.11.08"]
[Round "8.14"]
[White "Howell, David W L"]
[Black "Demchenko, Anton"]
[Result "1-0"]
[WhiteElo "2648"]
[BlackElo "2655"]
[Annotator "ChessBase"]
[PlyCount "179"]
[EventDate "2021.11.02"]
[EventType "swiss"]
[EventCountry "LAT"]
[SourceTitle "playchess.com"]
[Source "ChessBase"]
[SourceQuality "1"]

1. d4 Nf6 2. Nf3 d6 3. b3 g6 4. Bb2 Bg7 5. g3 O-O 6. Bg2 b5 7. c4 bxc4 8. Nfd2
c6 9. Nxc4 a5 10. Nc3 Nfd7 11. O-O d5 12. Ne3 e5 13. dxe5 Nxe5 14. Na4 Re8 15.
Rc1 h5 16. Bd4 Ned7 17. Bxg7 Kxg7 18. Qd4+ Qf6 19. Qxf6+ Kxf6 20. Bxd5 Kg7 21.
Bg2 Ra7 22. Rfd1 Ba6 23. Rc2 Nf6 24. Nc5 Bc8 25. h3 Rae7 26. Kh2 Re5 27. Bf3 g5
28. g4 Rh8 29. Kg3 Re7 30. Rd6 Ne8 31. Rd8 h4+ 32. Kg2 Nf6 33. Rxc8 Rxc8 34.
Nf5+ Kf8 35. Nxe7 Kxe7 36. Nd3 Nbd7 37. Rxc6 Rb8 38. Ra6 Rb5 39. Ra7 Kd6 40.
Ra6+ Kc7 41. Bc6 Rb6 42. Rxb6 Nxb6 43. Bf3 Kd6 44. Kf1 Nbd7 45. Ke1 Ne8 46. Kd2
Nc7 47. e3 Nb5 48. Be2 Nc7 49. Nb2 Kc5 50. Nd3+ Kb6 51. Bf3 f6 52. Be4 Nb8 53.
Nb2 Nd7 54. Nc4+ Kb5 55. Kc3 Nc5 56. a4+ Ka6 57. Bc6 N5e6 58. Bd7 Nc5 59. Bc8+
Ka7 60. Nxa5 Ne4+ 61. Kd4 Nxf2 62. Nc6+ Kb6 63. Ne7 Nxh3 64. b4 Nf2 65. Nf5 h3
66. Ng3 h2 67. e4 h1=Q 68. Nxh1 Nxh1 69. e5 fxe5+ 70. Kxe5 Ng3 71. Bd7 Na6 72.
a5+ Kc7 73. b5 Nc5 74. Bc6 Nb3 75. a6 Kb6 76. Kf6 Nd4 77. Kxg5 Nge2 78. Kf6 Nf4
79. Ke5 Nde2 80. Bf3 Ka7 81. Ke4 Kb6 82. Ke3 Nc3 83. Kxf4 Nxb5 84. Be2 Nd6 85.
Bd3 Nf7 86. g5 Nxg5 87. Kxg5 Ka7 88. Kf6 Kb6 89. Ke5 Ka7 90. Ke4 1-0

[Event "Lindores Abbey Tal Blitz 2021"]
[Site "Riga"]
[Date "2021.11.08"]
[Round "8.15"]
[White "Shevchenko, Kirill"]
[Black "Kravtsiv, Martyn"]
[Result "1-0"]
[WhiteElo "2647"]
[BlackElo "2616"]
[Annotator "ChessBase"]
[PlyCount "101"]
[EventDate "2021.11.02"]
[EventType "swiss"]
[EventCountry "LAT"]
[SourceTitle "playchess.com"]
[Source "ChessBase"]
[SourceQuality "1"]

1. e4 e5 2. Nf3 Nc6 3. Bb5 a6 4. Ba4 Nf6 5. O-O Be7 6. Re1 b5 7. Bb3 d6 8. a4
b4 9. d4 Bg4 10. dxe5 Nxe5 11. Nbd2 O-O 12. h3 Nxf3+ 13. Nxf3 Be6 14. Nd4 Bxb3
15. cxb3 Qd7 16. Qd3 Rfe8 17. Bf4 Bf8 18. Rad1 c5 19. Nf5 Nxe4 20. Rxe4 d5 21.
Rxe8 Rxe8 22. Ng3 a5 23. Qb5 Qe6 24. Bd2 Rc8 25. Re1 Qg6 26. Qd7 Qc6 27. Qxc6
Rxc6 28. Re8 f6 29. Ne2 Kf7 30. Ra8 c4 31. bxc4 Rxc4 32. Ra7+ Ke6 33. Be3 Kd6
34. Nd4 g6 35. Rxa5 f5 36. Ra6+ Kd7 37. Ra7+ Ke8 38. a5 f4 39. Ra8+ Kf7 40. Nf3
Bg7 41. Ra7+ Kg8 42. Ra8+ Kf7 43. Bb6 Bxb2 44. a6 Rc1+ 45. Kh2 Ra1 46. a7 b3
47. Nd2 Be5 48. Nxb3 f3+ 49. g3 Ra2 50. Rd8 d4 51. a8=Q 1-0

[Event "Lindores Abbey Tal Blitz 2021"]
[Site "Riga"]
[Date "2021.11.08"]
[Round "8.16"]
[White "Bartel, Mateusz"]
[Black "Matlakov, Maxim"]
[Result "1-0"]
[WhiteElo "2619"]
[BlackElo "2691"]
[Annotator "ChessBase"]
[PlyCount "91"]
[EventDate "2021.11.02"]
[EventType "swiss"]
[EventCountry "LAT"]
[SourceTitle "playchess.com"]
[Source "ChessBase"]
[SourceQuality "1"]

1. e4 c5 2. Nf3 d6 3. Bb5+ Nd7 4. Ba4 Ngf6 5. O-O a6 6. c4 e6 7. Nc3 Be7 8. d3
O-O 9. a3 b6 10. b4 Bb7 11. Rb1 Qc7 12. Re1 h6 13. Bf4 Rad8 14. bxc5 bxc5 15.
Re2 Ba8 16. Reb2 Ng4 17. Bxd7 Rxd7 18. Qa4 Bf6 19. Rb3 Bc6 20. Qxa6 Ra8 21. Qb6
Qxb6 22. Rxb6 Rxa3 23. Nb5 Bxb5 24. cxb5 Rxd3 25. Rb8+ Kh7 26. b6 g5 27. h3
gxf4 28. hxg4 Rd8 29. Rxd8 Bxd8 30. b7 Bc7 31. b8=Q Bxb8 32. Rxb8 Kg7 33. Rc8
Rd1+ 34. Kh2 Rf1 35. Rd8 Rd1 36. g3 Rd3 37. Kg2 fxg3 38. Kxg3 c4 39. Rc8 d5 40.
exd5 exd5 41. Kf4 Kf6 42. Rc6+ Ke7 43. Ne5 Rd2 44. Ke3 Rd1 45. f4 d4+ 46. Ke2
1-0

[Event "Lindores Abbey Tal Blitz 2021"]
[Site "Riga"]
[Date "2021.11.08"]
[Round "8.17"]
[White "Padmini, Rout"]
[Black "Grandelius, Nils"]
[Result "0-1"]
[WhiteElo "2353"]
[BlackElo "2669"]
[Annotator "ChessBase"]
[PlyCount "86"]
[EventDate "2021.11.02"]
[EventType "swiss"]
[EventCountry "LAT"]
[SourceTitle "playchess.com"]
[Source "ChessBase"]
[SourceQuality "1"]

1. Nf3 d5 2. g3 Nd7 3. d4 Nb6 4. Bg2 Bf5 5. O-O e6 6. Ne5 Bd6 7. Nd2 Bxe5 8.
dxe5 Ne7 9. e4 Bg6 10. h4 h6 11. h5 Bh7 12. Qg4 Rg8 13. exd5 Bf5 14. Qe2 exd5
15. Nb3 Qd7 16. Nc5 Qc6 17. b4 a5 18. c3 Na4 19. Nxa4 Qxa4 20. g4 Bd7 21. Qf3
axb4 22. cxb4 Qxb4 23. Bf4 Ra3 24. Be3 Qxg4 25. Qxg4 Bxg4 26. Bc5 Ra5 27. Rfc1
c6 28. Rab1 Bc8 29. a3 g6 30. Bd6 gxh5 31. Kh2 Ra4 32. Rb4 Rxb4 33. axb4 Nf5
34. Bc5 Nh4 35. Bh1 Bg4 36. Rc3 Kd7 37. b5 Ng6 38. Bd4 Be6 39. bxc6+ bxc6 40.
Ra3 Rc8 41. Bf3 c5 42. Bb2 d4 43. Ra7+ Rc7 0-1

[Event "Lindores Abbey Tal Blitz 2021"]
[Site "Riga"]
[Date "2021.11.08"]
[Round "8.18"]
[White "Kryvoruchko, Yuriy"]
[Black "Vachier-Lagrave, Maxime"]
[Result "0-1"]
[WhiteElo "2681"]
[BlackElo "2766"]
[Annotator "TA"]
[PlyCount "70"]
[EventDate "2021.11.02"]
[EventType "swiss"]
[EventCountry "LAT"]
[SourceTitle "playchess.com"]
[Source "ChessBase"]
[SourceQuality "1"]

1. e4 c6 2. Nf3 d5 3. d3 dxe4 4. dxe4 Qxd1+ 5. Kxd1 g6 6. Nbd2 Bg7 7. a4 f5 8.
a5 Nf6 9. exf5 Bxf5 10. Nc4 Na6 11. Be3 Ng4 12. Bd3 Nxe3+ 13. fxe3 O-O-O 14.
Ke2 Be6 15. Rad1 Nc5 16. b3 Kc7 17. Ng5 Bg4+ 18. Nf3 Bf6 19. h3 Be6 20. Nh2
Nxd3 21. cxd3 Rd5 22. Ng4 Bg7 23. d4 Rb5 24. Rd3 Rxb3 25. Rxb3 Bxc4+ 26. Rd3 e5
27. Rc1 Bxd3+ 28. Kxd3 exd4 29. exd4 Rd8 30. Rc4 b5 31. axb6+ axb6 32. Ke4 b5
33. Rb4 Kb6 34. Ne5 c5 35. dxc5+ Kxc5 0-1